000 00291nam a22000977a 4500
008 220523b ||||| |||| 00| 0 eng d
100 _aSpink Shreves Galleries
245 _aWestchester Collection - US Mint Stamps (2008)
260 _aNew Yokr
_bSpink Shreves Galleries
650 _aUS Stamps| Mint
999 _c3390
_d3390